Jaroslav Rumpli: Kruhy v obilí

Bibliographic Details
Main Author: Vlnka, Jaroslav, 1971- (Author)
Format: Article
Language:Slovak
ISSN:1335-7786
Subjects:

MARC

LEADER 00000nab a2200000 a 4500
001 vtls010478925
003 SK-MaSNL
005 20260304154851.0
008 250507 2011 xo 000 0 slo
015 |a SNBRB2012/07 
035 |a (uuid)cfd02d72-eec7-43c0-a679-14d26cfc2a24 
035 |a urn:nbn:sk:snk-abevje 
035 |a (urnnbn)urn:nbn:sk:snk:ar-000cl5 
038 |a SNKBUCL 
040 |a SNKBUCL  |b slo  |c SNKBUCL  |e AACR2 
041 0 |a slo 
044 |a xo  |c SK 
080 |a 82.09:821.162.4-31  |x (048)  |2 2001 
080 |a 821.162.4-31  |x (048)  |2 2001 
100 1 |a Vlnka, Jaroslav,  |d 1971-  |4 aut  |9 103665 
245 1 0 |a Jaroslav Rumpli: Kruhy v obilí  |c Jaroslav Vlnka 
650 0 7 |a slovenské romány  |2 snkbucl  |9 103163 
655 7 |a recenzie  |2 snkbucl  |9 21907 
773 0 |t Slovenské pohľady  |g Roč. IV.+127, č. 12 (2011), s. 123-125  |x 1335-7786 
787 0 8 |i Rec.:  |a Rumpli, Jaroslav, 1971-  |t Kruhy v obilí : (krátke dejiny death metalu)  |d Bratislava : Slovart, 2010  |z 9788080850384 
850 |a Slovenská národná knižnica 
852 |a Slovenská národná knižnica 
958 |a article27 
958 |a LX 
958 |a RC 
958 |a OND 
958 |a EUIPO 
999 |c 2959619  |d 2961549